000 00747cam a22002532 4500
001 0000003779
005 20151217145740.0
008 070515s xx 000 0 eng d
020 _a0070447438 :
_cKES 685
040 _aKABU
_cKABU
050 0 _aQA76
_b.N67 2001
100 1 _aNorton, Peter.
_@0000153923
245 1 0 _aPeter Norton's introduction to computers /
_cPeter Norton.
246 3 _aIntroduction to computers
250 _a4th ed.
260 _aNew Delhi :
_bTata McGraw-Hill,
_c2001.
300 _axxx, 610 p.
650 0 _aComputer science.
_@0000058480
650 0 _aComputers.
_@0000153924
650 0 _aComputer software.
_@0000153925
908 _a070515
950 _@1
999 _c2234
_d2234